| 000 | nam a22 7a 4500 | ||
|---|---|---|---|
| 999 |
_c52590 _d52590 |
||
| 003 | OSt | ||
| 005 | 20220625111501.0 | ||
| 008 | 220625b xxu||||| |||| 00| 0 eng d | ||
| 040 | _cIIMT UNIVERSITY | ||
| 100 | _aCHERUNILAM, F. | ||
| 245 | _aBUSINESS ENVIRONMENT | ||
| 260 |
_aMUMBAI _bHIMALAYA PUBLISHING HOUSE _c2008 |
||
| 300 | _a847 | ||
| 942 |
_2ddc _c02 |
||